[Event "Olimpiada Calviá 2004"]
[Site "Calviá ESP"]
[Date "2004.10.28"]
[Round "13.43"]
[White "Saelee, Uaychai"]
[Black "Santa Torres, Luis A"]
[Result "1/2-1/2"]
[WhiteElo "2165"]
[BlackElo "2196"]
[PlyCount "89"]
[EventDate "2004.10.15"]
[EventType "team"]
[EventRounds "14"]
[EventCountry "ESP"]
[Source "lmi"]
[SourceDate "2004.10.27"]

1. e4 e6 2. d4 d5 3. Nc3 Bb4 4. e5 c5 5. a3 Bxc3+ 6. bxc3 Ne7 7. Nf3 Nbc6 8.
Bd3 Qa5 9. Bd2 Bd7 10. O-O c4 11. Be2 f6 12. exf6 gxf6 13. Re1 O-O-O 14. Bf1
Nf5 15. g3 Rdg8 16. Bh3 Nce7 17. Bf4 h5 18. Kh1 h4 19. g4 Ng6 20. Qd2 Nxf4 21.
Qxf4 Nh6 22. Re3 Rg6 23. Nxh4 Rgg8 24. Nf3 Qd8 25. Rb1 Qe7 26. Nd2 Nf7 27. Bg2
Qxa3 28. Qxf6 Qd6 29. Nf3 Nh6 30. Ne5 Rf8 31. Qg7 Rfg8 32. Qxd7+ Qxd7 33. Nxd7
Nxg4 34. Rg3 Kxd7 35. Rxb7+ Kc6 36. Rxa7 Nxf2+ 37. Kg1 Rxg3 38. hxg3 Nd1 39.
Ra6+ Kd7 40. Ra3 Rg8 41. Kh2 Rh8+ 42. Kg1 Rg8 43. Kh2 Rh8+ 44. Kg1 Rg8 45. Kh2
1/2-1/2

[Event "Olimpiada Calviá 2004"]
[Site "Calviá ESP"]
[Date "2004.10.28"]
[Round "13.44"]
[White "Medina Colindres, Javier"]
[Black "Abbas, Baha H"]
[Result "1-0"]
[WhiteElo "2213"]
[BlackElo "2213"]
[PlyCount "77"]
[EventDate "2004.10.15"]
[EventType "team"]
[EventRounds "14"]
[EventCountry "ESP"]
[Source "lmi"]
[SourceDate "2004.10.27"]

1. d4 d5 2. Nc3 Nf6 3. Bg5 Nbd7 4. Nf3 g6 5. Qd2 Bg7 6. Bh6 O-O 7. h4 Ne4 8.
Qf4 Ndf6 9. Ne5 Nxc3 10. bxc3 Qd6 11. Bxg7 Kxg7 12. f3 h5 13. e3 c5 14. Be2
cxd4 15. cxd4 Bf5 16. c4 dxc4 17. Bxc4 b5 18. Bb3 a5 19. g4 Be6 20. Bxe6 Qxe6
21. gxh5 Nxh5 22. Qg5 b4 23. Rg1 Rh8 24. f4 Qf6 25. Rc1 Qxg5 26. hxg5 Rhc8 27.
Kd2 e6 28. Rc5 Rxc5 29. dxc5 Kf8 30. Kc2 Ke7 31. Kb3 Rc8 32. Kc4 Ng7 33. Rd1
Rc7 34. Kb5 Ne8 35. Kb6 a4 36. Nc6+ Kf8 37. Nxb4 f6 38. c6 fxg5 39. Rd7 1-0

[Event "Olimpiada Calviá 2004"]
[Site "Calviá ESP"]
[Date "2004.10.28"]
[Round "13.44"]
[White "Ahmed Abdul Sattar, Wahab"]
[Black "Urbina, Ricardo"]
[Result "1/2-1/2"]
[WhiteElo "2270"]
[BlackElo "2247"]
[PlyCount "85"]
[EventDate "2004.10.15"]
[EventType "team"]
[EventRounds "14"]
[EventCountry "ESP"]
[Source "lmi"]
[SourceDate "2004.10.27"]

1. e4 c5 2. Nf3 Nc6 3. d4 cxd4 4. Nxd4 g6 5. c4 Bg7 6. Be3 Nf6 7. Nc3 O-O 8.
Be2 b6 9. O-O Bb7 10. f4 d6 11. Bf3 Nxd4 12. Bxd4 Rc8 13. b3 Nd7 14. Bxg7 Kxg7
15. Qd4+ Kg8 16. Rad1 Nc5 17. Qe3 Qc7 18. f5 Kg7 19. Qd4+ f6 20. Nb5 Qb8 21.
Qe3 Bc6 22. Nd4 Bd7 23. Be2 Qb7 24. Bd3 a5 25. Rf3 Rg8 26. Rh3 g5 27. Bb1 Be8
28. a3 Bf7 29. Qf3 Rh8 30. Rg3 Nd7 31. h4 Ne5 32. Qf4 h6 33. a4 Rcg8 34. Qe3
Qc8 35. Bd3 Qc5 36. Be2 Kf8 37. Rh3 gxh4 38. Rxh4 Rg5 39. Kf2 Ke8 40. Nc2 Rhg8
41. Rg1 h5 42. Qxc5 bxc5 43. Ne3 1/2-1/2

[Event "Olimpiada Calviá 2004"]
[Site "Calviá ESP"]
[Date "2004.10.28"]
[Round "13.44"]
[White "Huguet, Sergio"]
[Black "Hussein, Noah A"]
[Result "0-1"]
[WhiteElo "2141"]
[BlackElo "2349"]
[PlyCount "106"]
[EventDate "2004.10.15"]
[EventType "team"]
[EventRounds "14"]
[EventCountry "ESP"]
[Source "lmi"]
[SourceDate "2004.10.27"]

1. e4 c6 2. d4 d5 3. Nc3 dxe4 4. Nxe4 Bf5 5. Ng3 Bg6 6. Bc4 Nd7 7. N1e2 Nb6 8.
Bb3 e6 9. c3 c5 10. Be3 cxd4 11. Bxd4 Ne7 12. Nf4 Nc6 13. Be3 Qc7 14. h4 Bd6
15. h5 Bxf4 16. Bxf4 Qxf4 17. hxg6 Ne5 18. gxf7+ Kxf7 19. Qd2 Qxd2+ 20. Kxd2
Rad8+ 21. Kc2 Nec4 22. Rad1 Nd6 23. Rd3 Nbc4 24. Rhd1 Ke7 25. Bxc4 Nxc4 26.
Rxd8 Rxd8 27. Rxd8 Kxd8 28. b3 Ne5 29. f4 Ng6 30. f5 Nh4 31. fxe6 Ke7 32. Nh5
g6 33. Nf4 g5 34. Nh3 h6 35. g4 Nf3 36. Nf2 Kxe6 37. Kd3 Ke5 38. c4 Kf4 39. b4
Ne5+ 40. Kd4 Nxg4 41. Nxg4 Kxg4 42. c5 Kf5 43. Kd5 Kf6 44. b5 g4 45. Kd6 g3 46.
c6 bxc6 47. bxc6 g2 48. c7 g1=Q 49. c8=Q Qd4+ 50. Kc6 Qc4+ 51. Kb7 Qxc8+ 52.
Kxc8 h5 53. a4 a5 0-1

[Event "Olimpiada Calviá 2004"]
[Site "Calviá ESP"]
[Date "2004.10.28"]
[Round "13.45"]
[White "Shrestha, Bilam Lal"]
[Black "Zambrana, Osvaldo"]
[Result "0-1"]
[WhiteElo "2180"]
[BlackElo "2473"]
[PlyCount "100"]
[EventDate "2004.10.15"]
[EventType "team"]
[EventRounds "14"]
[EventCountry "ESP"]
[Source "lmi"]
[SourceDate "2004.10.27"]

1. e4 c5 2. Nc3 Nc6 3. g3 g6 4. Bg2 Bg7 5. Nge2 e6 6. O-O Nge7 7. d3 O-O 8. f4
d6 9. Be3 Nd4 10. Bf2 Nec6 11. Rb1 a5 12. Nxd4 Nxd4 13. Ne2 Nxe2+ 14. Qxe2 b6
15. c4 Bb7 16. a3 Qc7 17. a4 Rad8 18. Rbd1 Rfe8 19. b3 f5 20. Qc2 Bf6 21. Rfe1
Qg7 22. Re2 Bd4 23. Bxd4 Qxd4+ 24. Kf1 Kg7 25. Rde1 e5 26. exf5 Bxg2+ 27. Kxg2
gxf5 28. Qd2 h6 29. Qe3 Qxe3 30. Rxe3 Kf6 31. Kf3 Rd7 32. R3e2 Rg7 33. Re3 h5
34. R1e2 h4 35. Re1 Ree7 36. R1e2 Rg4 37. Re1 hxg3 38. hxg3 Reg7 39. fxe5+ dxe5
40. Kf2 f4 41. Rxe5 Rxg3 42. Re6+ Kf5 43. R1e5+ Kg4 44. Rd5 Rh3 45. Rdd6 Rh2+
46. Kg1 Rgh7 47. Rg6+ Kf3 48. Kf1 Rf2+ 49. Kg1 Rfh2 50. Kf1 Rb2 0-1

[Event "Olimpiada Calviá 2004"]
[Site "Calviá ESP"]
[Date "2004.10.28"]
[Round "13.45"]
[White "Cueto, Jhonny"]
[Black "Digesh, Shanker Malla"]
[Result "1/2-1/2"]
[WhiteElo "2306"]
[BlackElo "2253"]
[PlyCount "59"]
[EventDate "2004.10.15"]
[EventType "team"]
[EventRounds "14"]
[EventCountry "ESP"]
[Source "lmi"]
[SourceDate "2004.10.27"]

1. e4 e5 2. d4 exd4 3. Qxd4 Nc6 4. Qe3 Bb4+ 5. Nc3 Nf6 6. Bd2 O-O 7. O-O-O Re8
8. Bc4 Na5 9. Be2 Nc6 10. Bc4 Na5 11. Be2 Nc6 12. f3 d5 13. Qg5 dxe4 14. fxe4
Qe7 15. Bf3 Ne5 16. Nge2 Nc4 17. Be1 c6 18. Kb1 Be6 19. Bf2 a6 20. Bd4 Kh8 21.
a3 Bd6 22. Ng3 Be5 23. Bxe5 Nxe5 24. Rhe1 Nfd7 25. Qxe7 Rxe7 26. Nf5 Bxf5 27.
exf5 f6 28. Bh5 Kg8 29. g3 Nc5 30. Rd6 1/2-1/2

[Event "Olimpiada Calviá 2004"]
[Site "Calviá ESP"]
[Date "2004.10.28"]
[Round "13.45"]
[White "Surbir, Lama"]
[Black "Monroy, Javier"]
[Result "0-1"]
[WhiteElo "2112"]
[BlackElo "2129"]
[PlyCount "72"]
[EventDate "2004.10.15"]
[EventType "team"]
[EventRounds "14"]
[EventCountry "ESP"]
[Source "lmi"]
[SourceDate "2004.10.27"]

1. e4 d6 2. d4 g6 3. Nf3 Bg7 4. c4 Nf6 5. Nc3 c5 6. Be2 cxd4 7. Nxd4 O-O 8. O-O
Nc6 9. Be3 Bd7 10. Rc1 Nxd4 11. Bxd4 Bc6 12. f3 Qa5 13. Qd2 Rfd8 14. Rfd1 e6
15. Bxf6 Bxf6 16. Kh1 Bg5 17. f4 Bh6 18. Bf3 Rd7 19. g4 f5 20. g5 Bg7 21. a3
Bxc3 22. Rxc3 fxe4 23. Bg2 Qf5 24. Qe3 d5 25. b4 a6 26. Bh3 Qf7 27. Qb6 dxc4
28. Rxd7 Qxd7 29. Qe3 Rd8 30. Bg4 Qd5 31. h4 Kf7 32. h5 Qd4 33. Kg1 Qxe3+ 34.
Rxe3 Rd3 35. Kf2 c3 36. Be2 c2 0-1

[Event "Olimpiada Calviá 2004"]
[Site "Calviá ESP"]
[Date "2004.10.28"]
[Round "13.45"]
[White "Saavedra, Carlos"]
[Black "Shrestha, Keshav"]
[Result "1-0"]
[WhiteElo "2319"]
[BlackElo "2170"]
[PlyCount "93"]
[EventDate "2004.10.15"]
[EventType "team"]
[EventRounds "14"]
[EventCountry "ESP"]
[Source "lmi"]
[SourceDate "2004.10.27"]

1. c4 Nf6 2. Nc3 c5 3. g3 Nc6 4. Bg2 g6 5. Nf3 Bg7 6. O-O O-O 7. d3 d6 8. a3 h6
9. Rb1 Be6 10. h3 Rc8 11. Bd2 Qd7 12. Kh2 d5 13. cxd5 Nxd5 14. Qc1 Nxc3 15.
bxc3 Kh7 16. c4 b6 17. Bc3 Bxc3 18. Qxc3 Qc7 19. Ne1 Nd4 20. e3 Nc6 21. f4 Rcd8
22. Rb2 f5 23. Bxc6 Qxc6 24. Nf3 Qd6 25. Ne5 Bd7 26. a4 Rb8 27. Rfb1 Rf6 28. a5
Qc7 29. d4 Be8 30. d5 Rd6 31. g4 fxg4 32. hxg4 e6 33. dxe6 Rxe6 34. Kg3 Rd8 35.
axb6 Rxb6 36. Rxb6 axb6 37. Qb2 Rd6 38. Ra1 Bc6 39. Ra6 Bb7 40. Ra7 Rd1 41. Qg2
Bxg2 42. Rxc7+ Kg8 43. Kxg2 g5 44. f5 Rd6 45. Ng6 Rd2+ 46. Kf3 Rd1 47. Ke4 1-0

[Event "Olimpiada Calviá 2004"]
[Site "Calviá ESP"]
[Date "2004.10.28"]
[Round "13.46"]
[White "Aderito, Pedro"]
[Black "Bibby, Simon"]
[Result "1-0"]
[WhiteElo "2262"]
[BlackElo "2229"]
[PlyCount "71"]
[EventDate "2004.10.15"]
[EventType "team"]
[EventRounds "14"]
[EventCountry "ESP"]
[Source "lmi"]
[SourceDate "2004.10.27"]

1. d4 f5 2. g3 Nf6 3. Bg2 e6 4. c4 Be7 5. Nc3 O-O 6. h4 d6 7. Nf3 a5 8. O-O Qe8
9. Qc2 Nc6 10. e4 e5 11. dxe5 dxe5 12. exf5 Ng4 13. f6 Bxf6 14. Nd5 Bd8 15. Bg5
Bf5 16. Qc3 e4 17. Rae1 Qh5 18. Nf4 Qe8 19. Bxd8 Rxd8 20. Ng5 Nf6 21. f3 Ne5
22. g4 Bc8 23. Nxe4 Nfd7 24. Nh5 Qf7 25. Ng5 Qxc4 26. Qxc4+ Nxc4 27. Re7 Nf6
28. Rxg7+ Kh8 29. Nf7+ Rxf7 30. Rxf7 Nxh5 31. gxh5 Nxb2 32. Re1 c5 33. Ree7 c4
34. h6 c3 35. Rxh7+ Kg8 36. Reg7+ 1-0

[Event "Olimpiada Calviá 2004"]
[Site "Calviá ESP"]
[Date "2004.10.28"]
[Round "13.46"]
[White "Nanjo, Ryosuke"]
[Black "Campos, Eugenio"]
[Result "1-0"]
[WhiteElo "2154"]
[BlackElo "2265"]
[PlyCount "96"]
[EventDate "2004.10.15"]
[EventType "team"]
[EventRounds "14"]
[EventCountry "ESP"]
[Source "lmi"]
[SourceDate "2004.10.27"]

1. d4 Nf6 2. c4 e6 3. Nc3 d5 4. cxd5 exd5 5. Bg5 c6 6. e3 h6 7. Bh4 Be7 8. Qc2
O-O 9. Bd3 Re8 10. Nge2 Nbd7 11. O-O Ne4 12. Bxe7 Qxe7 13. Bxe4 dxe4 14. Ng3
Nf6 15. h3 h5 16. f3 exf3 17. Rxf3 h4 18. Nf5 Bxf5 19. Qxf5 Rad8 20. Raf1 Rd7
21. Kh1 Nh7 22. Rf4 Nf8 23. Ne4 Rd5 24. Qxf7+ Qxf7 25. Rxf7 Rxe4 26. Rxf8+ Kh7
27. R1f4 Rxe3 28. Rxh4+ Kg6 29. Rg4+ Rg5 30. Rxg5+ Kxg5 31. Rf7 g6 32. Rxb7 Re2
33. Rxa7 Rxb2 34. Rc7 Rxa2 35. Rxc6 Rd2 36. Rd6 Kf5 37. Kh2 Rd3 38. Kg1 Rd2 39.
Kf1 g5 40. Rd8 g4 41. Rf8+ Ke4 42. hxg4 Ra2 43. Kg1 Kxd4 44. Kh2 Ra3 45. Rf3
Ra8 46. Kg3 Ke5 47. g5 Ra4 48. Kh3 Rb4 1-0

[Event "Olimpiada Calviá 2004"]
[Site "Calviá ESP"]
[Date "2004.10.28"]
[Round "13.46"]
[White "Domingos, Catarino"]
[Black "Kato, Takeshi"]
[Result "1-0"]
[WhiteElo "2227"]
[BlackElo "2045"]
[PlyCount "91"]
[EventDate "2004.10.15"]
[EventType "team"]
[EventRounds "14"]
[EventCountry "ESP"]
[Source "lmi"]
[SourceDate "2004.10.27"]

1. d4 Nf6 2. Nf3 g6 3. c4 Bg7 4. Nc3 d5 5. cxd5 Nxd5 6. e4 Nxc3 7. bxc3 c5 8.
Be3 Qa5 9. Qd2 O-O 10. Rb1 cxd4 11. cxd4 Qxd2+ 12. Kxd2 Rd8 13. Bd3 Bg4 14.
Rhc1 Nc6 15. Rxb7 Nxd4 16. Nxd4 Bxd4 17. Bxd4 Rxd4 18. Rc4 Rd6 19. e5 Rd7 20.
Rxd7 Bxd7 21. Rc7 Be6 22. a3 Rd8 23. Kc3 Rd7 24. Rxd7 Bxd7 25. Kb4 Bc6 26. g3
Kf8 27. Kc5 Bd7 28. h4 Ke8 29. Bc4 h6 30. f4 e6 31. Kd6 Kd8 32. Be2 h5 33. Bd3
Ba4 34. f5 exf5 35. e6 fxe6 36. Kxe6 a5 37. Kf6 Be8 38. Bc4 Kc7 39. Bf7 Bd7 40.
Bxg6 Kc6 41. Bxh5 Kb5 42. Bd1 Be8 43. h5 Bxh5 44. Bxh5 Ka4 45. Kxf5 Kxa3 46.
Be8 1-0

[Event "Olimpiada Calviá 2004"]
[Site "Calviá ESP"]
[Date "2004.10.28"]
[Round "13.46"]
[White "Hayashi, Kenji"]
[Black "Sousa, Armindo"]
[Result "1/2-1/2"]
[WhiteElo "2056"]
[BlackElo "2216"]
[PlyCount "128"]
[EventDate "2004.10.15"]
[EventType "team"]
[EventRounds "14"]
[EventCountry "ESP"]
[Source "lmi"]
[SourceDate "2004.10.27"]

1. d4 Nf6 2. Nf3 g6 3. Bg5 Bg7 4. Nbd2 d6 5. e4 O-O 6. c3 Nc6 7. Be2 h6 8. Bh4
e5 9. dxe5 Nxe5 10. Nxe5 dxe5 11. Qc2 Qe7 12. O-O a5 13. a4 Be6 14. Rfd1 Qc5
15. b3 Rfe8 16. Kf1 c6 17. f3 g5 18. Bf2 Qe7 19. Bc4 Bc8 20. Be2 g4 21. Nc4
gxf3 22. Bxf3 Ng4 23. Bg1 Be6 24. Ne3 Nxe3+ 25. Bxe3 Kh7 26. c4 Bf6 27. Qc1 Bg5
28. Bxg5 hxg5 29. g4 Red8 30. Qe3 Qf6 31. Kg2 Rd4 32. Rxd4 exd4 33. e5 dxe3 34.
exf6 Kg6 35. Re1 Kxf6 36. Rxe3 Rd8 37. Be2 Rd2 38. h3 Ke7 39. Kf3 Kd6 40. Ke4
f6 41. Bd3 Rb2 42. Be2 Kc5 43. Bf1 Kb4 44. Rf3 Rxb3 45. Rxf6 Bxc4 46. Bxc4 Kxc4
47. Rh6 b5 48. Rxc6+ Kb4 49. axb5 Kxb5 50. Rh6 a4 51. Kf5 a3 52. Rh8 Kc4 53.
Kxg5 Rb5+ 54. Kg6 Ra5 55. Rf8 a2 56. Rf1 a1=Q 57. Rxa1 Rxa1 58. h4 Kd5 59. g5
Ke5 60. h5 Ra6+ 61. Kh7 Ra7+ 62. Kh6 Kf5 63. g6 Kf6 64. g7 Rxg7 1/2-1/2

[Event "Olimpiada Calviá 2004"]
[Site "Calviá ESP"]
[Date "2004.10.28"]
[Round "13.47"]
[White "Mikheev, Stanislav"]
[Black "Matamoros Franco, Carlos S"]
[Result "1/2-1/2"]
[WhiteElo "2352"]
[BlackElo "2513"]
[PlyCount "35"]
[EventDate "2004.10.15"]
[EventType "team"]
[EventRounds "14"]
[EventCountry "ESP"]
[Source "lmi"]
[SourceDate "2004.10.27"]

1. e4 e6 2. d4 d5 3. Nc3 Bb4 4. e5 c5 5. a3 Bxc3+ 6. bxc3 Ne7 7. Qg4 O-O 8. Bd3
Nbc6 9. Qh5 Ng6 10. Nf3 Qc7 11. Ng5 h6 12. Nxf7 Qxf7 13. Qxg6 Qxg6 14. Bxg6
cxd4 15. cxd4 Nxd4 16. Be3 Nf5 17. Bc5 Rd8 18. Bxf5 1/2-1/2

[Event "Olimpiada Calviá 2004"]
[Site "Calviá ESP"]
[Date "2004.10.28"]
[Round "13.47"]
[White "Zhidkov, Valery S"]
[Black "Pazos Gambarrotti, Plinio"]
[Result "1/2-1/2"]
[WhiteElo "2394"]
[BlackElo "2400"]
[PlyCount "22"]
[EventDate "2004.10.15"]
[EventType "team"]
[EventRounds "14"]
[EventCountry "ESP"]
[Source "lmi"]
[SourceDate "2004.10.27"]

1. d4 Nf6 2. Nf3 c5 3. c4 cxd4 4. Nxd4 e5 5. Nc2 d5 6. cxd5 Qxd5 7. Qxd5 Nxd5
8. e4 Nb4 9. Nxb4 Bxb4+ 10. Bd2 Nc6 11. Bb5 Bd7 1/2-1/2

[Event "Olimpiada Calviá 2004"]
[Site "Calviá ESP"]
[Date "2004.10.28"]
[Round "13.47"]
[White "Gonzalez Davila, Richard"]
[Black "Bieluczyk, Bogdan"]
[Result "1-0"]
[WhiteElo "2202"]
[BlackElo "2259"]
[PlyCount "157"]
[EventDate "2004.10.15"]
[EventType "team"]
[EventRounds "14"]
[EventCountry "ESP"]
[Source "lmi"]
[SourceDate "2004.10.27"]

1. e4 c5 2. Nf3 Nc6 3. d4 cxd4 4. Nxd4 g6 5. Nc3 Bg7 6. Be3 Nf6 7. Nb3 d6 8.
Be2 O-O 9. h4 h5 10. f3 a5 11. a4 d5 12. exd5 Nb4 13. Bc4 Qc7 14. Bd3 Nfxd5 15.
Nxd5 Nxd5 16. Bd4 Bxd4 17. Nxd4 Qe5+ 18. Ne2 Be6 19. Qc1 Nb4 20. Bb5 Rac8 21.
c3 Rfd8 22. O-O Nd3 23. Qd2 Bf5 24. Nd4 Rxd4 25. cxd4 Qxd4+ 26. Kh2 Qxh4+ 27.
Kg1 Nf4 28. Rac1 Ra8 29. Rc4 e5 30. Rd1 Qg3 31. Rc7 e4 32. fxe4 Nh3+ 33. Kf1
Qxc7 34. exf5 Qf4+ 35. Qxf4 Nxf4 36. g3 Nh3 37. fxg6 fxg6 38. Bc4+ Kg7 39. Rd7+
Kf6 40. Rf7+ Ke5 41. Kg2 Ng5 42. Rxb7 Ne4 43. Rb5+ Kd4 44. Bd5 Ra6 45. Bb7 Ra7
46. Rd5+ Ke3 47. Rb5 Nd2 48. Bd5 g5 49. Ba2 Ne4 50. Bb1 Nd2 51. Bg6 h4 52. Rxg5
hxg3 53. Rxg3+ Kf4 54. Bd3 Rb7 55. Bb5 Rc7 56. Rc3 Rg7+ 57. Kh3 Nf3 58. Rc4+
Ke5 59. Rg4 Rh7+ 60. Kg3 Nd2 61. Be2 Ne4+ 62. Kg2 Rb7 63. Rxe4+ Kf5 64. Bd3 Kg5
65. Bb5 Rc7 66. b4 axb4 67. Rxb4 Rc2+ 68. Kf3 Kf6 69. a5 Ke5 70. a6 Rc7 71. Ra4
Ra7 72. Bc6 Kd6 73. Bb7 Ke5 74. Ke3 Kd6 75. Rh4 Kc5 76. Kd3 Kb6 77. Rh5 Kc7 78.
Rh6 Kd7 79. Ke4 1-0

[Event "Olimpiada Calviá 2004"]
[Site "Calviá ESP"]
[Date "2004.10.28"]
[Round "13.48"]
[White "Moussa, Alaa-Eddine"]
[Black "Cruz, Filemon"]
[Result "1/2-1/2"]
[WhiteElo "2188"]
[BlackElo "2367"]
[PlyCount "23"]
[EventDate "2004.10.15"]
[EventType "team"]
[EventRounds "14"]
[EventCountry "ESP"]
[Source "lmi"]
[SourceDate "2004.10.27"]

1. d4 d5 2. c4 c6 3. e3 g6 4. Nc3 Nf6 5. Qb3 a6 6. Nf3 Bg7 7. Ne5 O-O 8. cxd5
cxd5 9. Be2 Nbd7 10. O-O Nxe5 11. dxe5 Nd7 12. Rd1 1/2-1/2

[Event "Olimpiada Calviá 2004"]
[Site "Calviá ESP"]
[Date "2004.10.28"]
[Round "13.49"]
[White "Chau, Sau Ming"]
[Black "Juarez Flores, Carlos A"]
[Result "0-1"]
[WhiteElo "2230"]
[BlackElo "2391"]
[PlyCount "56"]
[EventDate "2004.10.15"]
[EventType "team"]
[EventRounds "14"]
[EventCountry "ESP"]
[Source "lmi"]
[SourceDate "2004.10.27"]

1. d4 e6 2. c4 d5 3. cxd5 exd5 4. Nc3 c6 5. Nf3 Bd6 6. Bg5 Qb6 7. Qd2 Bf5 8. e3
Nd7 9. Be2 Ngf6 10. Bxf6 Nxf6 11. O-O O-O 12. Nh4 Be4 13. f3 Bg6 14. Nxg6 hxg6
15. e4 dxe4 16. fxe4 Be5 17. Kh1 Rad8 18. Qc2 Rxd4 19. Bf3 Rfd8 20. Rf2 Rd3 21.
Raf1 Bxc3 22. bxc3 Qc5 23. c4 R3d4 24. Be2 Rd2 25. Qb3 R8d7 26. Qh3 Qd4 27. Rf4
Rxe2 28. e5 Qxf4 0-1

[Event "Olimpiada Calviá 2004"]
[Site "Calviá ESP"]
[Date "2004.10.28"]
[Round "13.49"]
[White "Reyes Najera, Carlos A"]
[Black "Chong, Chor Yuen"]
[Result "1-0"]
[WhiteElo "2186"]
[BlackElo "2146"]
[PlyCount "103"]
[EventDate "2004.10.15"]
[EventType "team"]
[EventRounds "14"]
[EventCountry "ESP"]
[Source "lmi"]
[SourceDate "2004.10.27"]

1. d4 Nf6 2. c4 g6 3. Nc3 Bg7 4. e4 d6 5. Be2 O-O 6. Nf3 e5 7. dxe5 dxe5 8.
Qxd8 Rxd8 9. Bg5 c6 10. Nxe5 Re8 11. O-O-O Nxe4 12. Nxe4 Bxe5 13. Bd3 Bf5 14.
f3 Nd7 15. Nd6 Bxd6 16. Bxf5 gxf5 17. Rxd6 f6 18. Rxd7 fxg5 19. Rhd1 b5 20.
cxb5 cxb5 21. R1d5 Re2 22. Rd2 Rxd2 23. Kxd2 a6 24. Kd3 Rc8 25. Rd5 Rf8 26. Rd6
Ra8 27. Rd5 Rf8 28. Kd4 Kg7 29. Rd7+ Kg8 30. g3 h5 31. a3 f4 32. Rd5 fxg3 33.
Rxg5+ Kf7 34. hxg3 Ke6 35. Ke4 b4 36. Rxh5 bxa3 37. bxa3 Rf6 38. f4 Ke7 39.
Rh7+ Ke8 40. Ra7 Rg6 41. Kf3 Rb6 42. a4 Kf8 43. f5 Rb3+ 44. Kg2 Rb6 45. Kh3 Rc6
46. g4 Rh6+ 47. Kg3 Rc6 48. Kh4 Kg8 49. Kh5 Kf8 50. g5 Kg8 51. f6 Kf8 52. Kg6
1-0

[Event "Olimpiada Calviá 2004"]
[Site "Calviá ESP"]
[Date "2004.10.28"]
[Round "13.49"]
[White "Juarez Flores, Gustavo E"]
[Black "Corke, Anya"]
[Result "1-0"]
[WhiteElo "2190"]
[BlackElo "2041"]
[PlyCount "75"]
[EventDate "2004.10.15"]
[EventType "team"]
[EventRounds "14"]
[EventCountry "ESP"]
[Source "lmi"]
[SourceDate "2004.10.27"]

1. e4 c5 2. Nf3 e6 3. d4 cxd4 4. Nxd4 a6 5. Bd3 Nc6 6. Nxc6 dxc6 7. O-O e5 8.
b3 Nf6 9. Bb2 Bd6 10. Nd2 b5 11. Kh1 Qe7 12. f4 Ng4 13. fxe5 Bc5 14. Qe1 Be6
15. Nf3 h5 16. h3 O-O-O 17. a4 Ne3 18. Rf2 b4 19. Bxa6+ Kb8 20. Rd2 g5 21. Rc1
g4 22. Nd4 Bxd4 23. Bxd4 Nxg2 24. Kxg2 gxh3+ 25. Kh1 Rhg8 26. Be3 Bg4 27. Rxd8+
Rxd8 28. Qf2 Ka8 29. Bf4 f6 30. e6 Qxe6 31. Bd3 f5 32. Qb6 Bf3+ 33. Kh2 Rd6 34.
Qa5+ Kb8 35. Qxb4+ Kc7 36. Qxd6+ Qxd6 37. Bxd6+ Kxd6 38. exf5 1-0

[Event "Olimpiada Calviá 2004"]
[Site "Calviá ESP"]
[Date "2004.10.28"]
[Round "13.50"]
[White "Denny, Kevin"]
[Black "Baules, Jorge"]
[Result "1/2-1/2"]
[WhiteElo "2334"]
[BlackElo "2275"]
[PlyCount "104"]
[EventDate "2004.10.15"]
[EventType "team"]
[EventRounds "14"]
[EventCountry "ESP"]
[Source "lmi"]
[SourceDate "2004.10.27"]

1. e4 c5 2. Nf3 Nc6 3. Bb5 Na5 4. O-O a6 5. Be2 e6 6. c3 Nf6 7. e5 Nd5 8. d4
cxd4 9. cxd4 Be7 10. a3 b5 11. Bd3 Bb7 12. Nbd2 d6 13. Ne4 dxe5 14. dxe5 h6 15.
Bd2 O-O 16. Rc1 Rc8 17. Rxc8 Bxc8 18. Bb1 Nc4 19. Bc1 Qc7 20. Qc2 g6 21. Bxh6
Re8 22. Rc1 Qb8 23. Neg5 Bxg5 24. Nxg5 Nxe5 25. h3 Bb7 26. Re1 Nf4 27. Qc3 Rc8
28. Qb4 Nxg2 29. Rf1 Rc4 30. Qe7 Nf4 31. Rd1 Nd5 32. Rxd5 Bxd5 33. Be4 Rxe4 34.
Nxe4 Bxe4 35. f4 Qb6+ 36. Kf1 Bd3+ 37. Kg2 Qc6+ 38. Kh2 Nd7 39. Qe8+ Kh7 40.
Bg5 Kg7 41. Bh6+ Kf6 42. Bg5+ Kf5 43. Qxf7+ Ke4 44. Qxg6+ Kd4 45. Qg7+ Ke3 46.
Kg3 Qf3+ 47. Kh4 Qf2+ 48. Kh5 Qf3+ 49. Kh4 Qf2+ 50. Kh5 Be2+ 51. Kh6 Nc5 52.
f5+ Ke4 1/2-1/2

[Event "Olimpiada Calviá 2004"]
[Site "Calviá ESP"]
[Date "2004.10.28"]
[Round "13.50"]
[White "Saucedo, Ivan"]
[Black "Warner, Delisle"]
[Result "0-1"]
[WhiteElo "2150"]
[BlackElo "2291"]
[PlyCount "76"]
[EventDate "2004.10.15"]
[EventType "team"]
[EventRounds "14"]
[EventCountry "ESP"]
[Source "lmi"]
[SourceDate "2004.10.27"]

1. e4 e6 2. d4 d5 3. e5 c5 4. c3 Nc6 5. Nf3 Qb6 6. Bd3 cxd4 7. cxd4 Bd7 8. Be2
Nh6 9. O-O Nf5 10. Nc3 Ncxd4 11. g4 Nxe2+ 12. Nxe2 Ne7 13. Be3 Qxb2 14. Bc5 Qb5
15. Bd6 Qa4 16. Qxa4 Bxa4 17. Nc3 Bc6 18. Nd4 Nc8 19. Bxf8 Rxf8 20. f4 g6 21.
f5 gxf5 22. gxf5 Rg8+ 23. Kf2 Kd7 24. fxe6+ fxe6 25. Ke3 Ne7 26. Rf6 Raf8 27.
Nxe6 Nf5+ 28. Kf4 Rxf6 29. Nc5+ Ke7 30. exf6+ Kxf6 31. Re1 Nd4 32. Nd7+ Kg6 33.
Rg1+ Kf7 34. Rxg8 Kxg8 35. Nf6+ Kf7 36. Nfxd5 Ne2+ 37. Nxe2 Bxd5 38. Nc3 Bc6
0-1

[Event "Olimpiada Calviá 2004"]
[Site "Calviá ESP"]
[Date "2004.10.28"]
[Round "13.51"]
[White "Papatryfonos, Constantinos"]
[Black "Singh, Ravishen"]
[Result "0-1"]
[WhiteElo "2123"]
[BlackElo "2093"]
[PlyCount "104"]
[EventDate "2004.10.15"]
[EventType "team"]
[EventRounds "14"]
[EventCountry "ESP"]
[Source "lmi"]
[SourceDate "2004.10.27"]

1. d4 d5 2. Bf4 Nf6 3. Nf3 Bf5 4. e3 e6 5. Nbd2 Be7 6. c4 O-O 7. Qb3 b6 8. h3
c5 9. Ne5 Ne4 10. Nxe4 Bxe4 11. f3 Bf5 12. cxd5 exd5 13. Bb5 c4 14. Qa4 Bd6 15.
O-O a6 16. Bc6 Ra7 17. e4 Be6 18. exd5 Bxe5 19. dxe5 Bxd5 20. Bxd5 Qxd5 21.
Rad1 Qc5+ 22. Kh1 Nc6 23. Rfe1 b5 24. Qc2 Re7 25. e6 Rd8 26. Rxd8+ Nxd8 27. Qd2
Nxe6 28. Rd1 Re8 29. Qd7 Qc8 30. Be3 Qxd7 31. Rxd7 Ra8 32. Rb7 h6 33. Kg1 Rd8
34. Rb6 Rd1+ 35. Kh2 Rb1 36. Rxa6 Rxb2 37. Rb6 Re2 38. Rb8+ Kh7 39. Bc1 Nd4 40.
Rb7 Kg6 41. a3 Nxf3+ 42. Kg3 Nd4 43. Rd7 Rc2 44. Rxd4 Rxc1 45. Rd6+ f6 46. Rb6
Rb1 47. Kf4 Rb3 48. Ke4 h5 49. h4 Rxa3 50. Rxb5 Rg3 51. Rb7 Rg4+ 52. Kd5 Rxh4
0-1

[Event "Olimpiada Calviá 2004"]
[Site "Calviá ESP"]
[Date "2004.10.28"]
[Round "13.51"]
[White "Lee, Cecil"]
[Black "Kyriakidis, Thrasos"]
[Result "1/2-1/2"]
[WhiteElo "2048"]
[BlackElo "2157"]
[PlyCount "51"]
[EventDate "2004.10.15"]
[EventType "team"]
[EventRounds "14"]
[EventCountry "ESP"]
[Source "lmi"]
[SourceDate "2004.10.27"]

1. c4 Nf6 2. Nc3 e5 3. Nf3 Nc6 4. g3 g6 5. Bg2 Bg7 6. O-O O-O 7. d3 h6 8. Rb1
a5 9. a3 d5 10. cxd5 Nxd5 11. Nxe5 Nxc3 12. Nxc6 Nxd1 13. Nxd8 Nxf2 14. Nxb7
Ng4 15. h3 Bd4+ 16. Kh1 Ne3 17. Bxe3 Bxe3 18. Nc5 Rb8 19. b4 h5 20. Kh2 axb4
21. axb4 Kg7 22. Bf3 Re8 23. Rfd1 Re5 24. d4 Bxd4 25. Rxd4 Rxc5 26. bxc5
1/2-1/2